000 00423nam a2200169Ia 4500
003 GCL
008 140319s9999 xx 000 0 ara d
040 _aGCL /
_cGCL
082 0 4 _a140
_bهـ ث
245 1 0 _aالهورات العلمية
300 _a273 ص
490 _aكتاب
_v0
650 0 4 _aالفلسفة
650 0 4 _aالفلسفة - نظريات
650 0 4 _aالفلسفة - مذاهب
942 _2ddc
_cBK
999 _c43025
_d43025